Missing Word: Colorful TV Shows Quiz Stats

Quiz Updated Jun 13, 2017

Challenge
Share
Tweet
Embed
Score 0/14 Timer 03:00
1 Play Today
TV Show Missing Word % Correct
Orange is the _____ BlackNew
98.4%
Grey's _____ Anatomy
97.4%
_____ of Green Gables: The Animated SeriesAnne
87%
The Golden _____ Girls
83.5%
Hill _____ BluesStreet
81.6%
Pinky and the _____ Brain
81.2%
Blue's _____ Clues
73.1%
TV Show Missing Word % Correct
Green _____ Acres
63.7%
Silver _____Spoons
43%
_____ BlackOrphan
30.3%
Blue _____ StateMountain
27.2%
White _____Collar
25.8%
The High Fructose Adventures of _____ OrangeAnnoying
11.5%
The Black _____ Donnellys
3.5%

Today's Daily Dose

Word Ladder
KISS Hit

On This Day
January 22nd

You're not logged in!

Compare scores with friends on all Sporcle quizzes.
Sign Up with Email
OR
Log In

You Might Also Like...

Show Comments

Extras

Top Quizzes Today


Score Distribution

Your Account Isn't Verified!

In order to create a playlist on Sporcle, you need to verify the email address you used during registration. Go to your Sporcle Settings to finish the process.